|
|
|
|
| LEADER |
00000cam a2200000 4500 |
| 001 |
vtls011757302 |
| 003 |
SK-MaSNL |
| 005 |
20260301183220.0 |
| 008 |
201207s1930 xr g gr 000 0 cze |
| 020 |
|
|
|q (viazané)
|
| 035 |
|
|
|a AAB07AC6-08DC-4D9F-B223-A859610B7156
|
| 035 |
|
|
|a urn:nbn:sk:snk-am3ib4d
|
| 035 |
|
|
|a urn:nbn:sk:snk-am00dm3s
|
| 040 |
|
|
|a SNK
|b slo
|c SNK
|e rda
|
| 041 |
0 |
|
|a cze
|
| 044 |
|
|
|a xr
|c CZ
|
| 072 |
|
7 |
|a 784
|x Vokálna hudba
|2 konspekt
|
| 080 |
|
|
|a 784.4(437.32)
|2 2011
|
| 080 |
|
|
|a (0:82-192)
|2 2011
|
| 245 |
0 |
0 |
|a Moravské písně milostné
|n I.
|h [hudobnina]
|c vydali dr. Leoš Janáček a Pavel Váša
|
| 264 |
|
1 |
|a Praha
|b Státní ústav pro lidovou píseň v ČSR
|c 1930
|
| 300 |
|
|
|a 464 strán
|b noty
|c 26 cm
|
| 336 |
|
|
|a zápis hudby
|b ntm
|2 rdacontent
|
| 336 |
|
|
|a text
|b txt
|2 rdacontent
|
| 337 |
|
|
|a bez média
|b n
|2 rdamedia
|
| 338 |
|
|
|a zväzok
|b nc
|2 rdacarrier
|
| 490 |
1 |
|
|a Lidová píseň v Republice Československé. Řada A, Písně české a moravské. Díl 5, Moravské písně lyrické
|v sv. 1.1
|
| 650 |
0 |
7 |
|a moravské ľudové piesne
|2 SNKPH
|9 3458
|
| 650 |
0 |
7 |
|a Moravian folk songs
|2 SNKPHeng
|9 405912
|
| 655 |
|
7 |
|a spevníky
|2 SNKPH
|9 70506
|
| 655 |
|
7 |
|a Songbooks
|2 SNKPHeng
|9 288744
|
| 700 |
1 |
|
|a Janáček, Leoš,
|d 1854-1928
|4 edt
|9 98446
|
| 700 |
1 |
|
|a Váša, Pavel,
|d 1874-1954
|4 edt
|4 cmp
|9 558177
|
| 830 |
|
0 |
|a Lidová píseň v Republice Československé. Řada A, Písně české a moravské. Díl 5, Moravské písně lyrické
|9 558178
|
| 852 |
|
|
|a Slovenská národná knižnica
|
| 954 |
|
|
|a odborná, vedecká literatúra cudzojazyčná (svetová)
|2 lita
|
| 999 |
|
|
|c 856210
|d 858140
|
| 952 |
|
|
|a SNK
|b SNK
|y PREZ
|7 0
|p 17A0727243
|o snkSC 1997/1-5
|i snk1060/40
|0 0
|1 0
|4 0
|d 2018-05-21
|f 1
|l 0
|r 2025-06-11 00:00:00
|w 2026-02-24
|
| 952 |
|
|
|a SNK
|b SNK
|y VYP
|7 0
|p 17A1153806
|o snkSC 1997/1-5 D1
|i snkK 4167/91
|8 3
|0 0
|1 0
|4 0
|d 2018-06-04
|l 0
|r 2026-02-24 04:56:50
|w 2026-02-24
|